000 01280nam a2200265Ia 4500
999 _c41604
_d41604
001 8273
003 GE_BSU
005 20240426163147.0
008 181216s2012||||ge |||||||||||||| || ||
020 _a978-9941-15-616-8
040 _cGE_BSU
041 _ageo
080 _a91(072) ბ–75
100 _aბლიაძე, მაია
_93279
245 _aგლობალური გეოგრაფია XI [კლასი] :
_bმასწავლებლის წიგნი /
_cმაია ბლიაძე, გია ჭანტურია, დავით კერესელიძე ; რედ. დიანა ყასუმაშვილი.
250 _aI-ლი გამოცემა
264 _aთბილისი :
_bბაკურ სულაკაურის გამ-ბა,
_c2012.
300 _a126 გვ.;
_c26 სმ.
541 _h7ლ.
653 _aგლობალური გეოგრაფია
653 _aმეთოდური სახელმძღვანელოები
700 _aკერესელიძე, დავით
_eავტორი
_99318
700 _aყასუმაშვილი, დიანა
_eრედაქტორი
_921957
942 _cBK
_2udc